00422nam a2200169Ia 4500003000400000005001700004008004100021040000700062041000800069082001900077100001900096245005300115260004000168300001600208365001300224650001500237OSt20230410155143.0210423s2005 xx 000 0 und d cAL aeng a658223b PRAM aPRAKASH (Ved). aManagement concept and organisational behaviour. aNew DelhibAnmol Publicationsc2005 avii,511bHB b700cINR aManagement